00531nam a2200133Ia 4500008004100000100002100041245009900062260002900161300001800190650001500208856008200223999001900305952007300324160712s9999 xx 000 0 und d aPalmes, Diana F. cDiana F. Palmes,aKohlbergian Analysis of the Moral Reasoning in Lino Brocka’s Leading Films c2015bHumanities Diliman avol. 12 no. 1 xHUMANITIES uhttp://journals.upd.edu.ph/index.php/humanitiesdiliman/issue/view/502/showToc c297047d297047 001040aCLbCLd2016-07-12l0r2016-07-12 00:00:00w2016-07-12yFEJ